KOHA-Header-6

A+Core Module Study Guide (Record no. 6775)

000 -LEADER
fixed length control field 00256nam a2200109Ia 4500
100 ## - MAIN ENTRY--AUTHOR NAME
Personal name Groth,David
245 #0 - TITLE STATEMENT
Title A+Core Module Study Guide
260 ## - PUBLICATION, DISTRIBUTION, ETC. (IMPRINT)
Place of publication New Delhi
Name of publisher Pearson
Year of publication 1998
300 ## - PHYSICAL DESCRIPTION
Number of Pages 815
942 ## - ADDED ENTRY ELEMENTS (KOHA)
Koha item type Books
Holdings
Withdrawn status Lost status Collection code Permanent Location Current Location Shelving location Date acquired Full call number Accession Number Koha item type
    Computer Science MAJU MAJU Shelf No.A16 2019-09-11 378.202 213 Computer Science

Powered by Koha